Virtuálny humanoidný asistent s využitím syntézy reči
Guardado en:
| Autor principal: | |
|---|---|
| Otros Autores: | |
| Formato: | Manuscrito Libro |
| Lenguaje: | eslovaco |
| Publicado: |
2025
|
| Materias: | |
| Acceso en línea: | http://is.stuba.sk/zp/portal_zp.pl?podrobnosti=184476 |
| Etiquetas: |
Sin Etiquetas, Sea el primero en etiquetar este registro!
|
MARC
| LEADER | 00000ntm a22000003a 4500 | ||
|---|---|---|---|
| 001 | stuzp103348 | ||
| 003 | SK-STU | ||
| 005 | 20250614211950.0 | ||
| 007 | ta | ||
| 008 | 150427s2015----xo-----f-mn---000-0-slo-d | ||
| 040 | |a STU |b slo | ||
| 041 | 0 | |a slo | |
| 100 | 1 | |a Zaťko, Tomáš |u 030400 |4 aut |U FEI Fakulta elektrotechniky a informatiky |T FEI Ústav automobilovej mechatroniky |X 111494 |U E400 |Y 642 |7 111494 | |
| 242 | 0 | 1 | |a Virtual humanoid assistant using speech synthesis |y eng |
| 245 | 1 | 0 | |a Virtuálny humanoidný asistent s využitím syntézy reči |
| 260 | |c 2025 | ||
| 650 | 4 | |a speech synthesis |2 eng | |
| 650 | 4 | |a large language models |2 eng | |
| 650 | 4 | |a artificial intelligence |2 eng | |
| 650 | 4 | |a humanoid assistant |2 eng | |
| 650 | 4 | |a virtual assistant |2 eng | |
| 650 | 4 | |a syntéza reči |2 slo | |
| 650 | 4 | |a veľké jazykové modely |2 slo | |
| 650 | 4 | |a umelá inteligencia |2 slo | |
| 650 | 4 | |a humanoidný asistent |2 slo | |
| 650 | 4 | |a virtuálny asistent |2 slo | |
| 700 | 1 | |a Haffner, Oto |u 030400 |k Z1 |4 ths |U FEI Fakulta elektrotechniky a informatiky |T FEI Ústav automobilovej mechatroniky |X 56107 |U E400 |Y 642 |7 A000056107 | |
| 856 | 4 | |u http://is.stuba.sk/zp/portal_zp.pl?podrobnosti=184476 | |